LEADER 01070nam a2200241 i 4500 001 000000195684 003 CaOOAMICUS 005 20101227000000.0 008 101227s2010 it u000 u ita u 013 $a174363 020 $a978-88-401-5026-0 040 $aSeMil$bita 245 10$aPrimo censimento delle nuove comunitą /$ca cura di Giancarlo Rocca. 260 $aCittą del Vaticano :$bUrbaniana University Press,$c2010. 300 $a365 p. ;$c24 cm. 650 4$aComunitą religiose - Cristianesimo - Enciclopedie e dizionari.$0(OLS)http://semarc/subject/36767 700 1 $aRocca, Giancarlo,$c.$0(OLS)http://semarc/name/1404 850 $aSeMil 852 $aSeMil$W1$xVenegono$y1$m3A V 62$j146253$B146253$CSeMilBibl$Z2$F158356 $81 961 $aAcquisto: LdS 996 $6020$a978-88-401-5026-0$9(OLS)http://semarc/number/187452 996 $6245$aPrimo censimento delle nuove comunitą$9(OLS)http://semarc/title/282409 996 $6260$aCittą del Vaticano :$bUrbaniana University Press$9(OLS)http://semarc/publisher/31817 LEADER 00930nam a2200241 i 4500 001 000000197758 003 CaOOAMICUS 005 20140709000000.0 008 140709s1940 it u000 u ita u 013 $a176445 040 $aSeMil$bita 100 1 $aBerra, Franco <1876-1955>.$0(OLS)http://semarc/name/70085 245 12$aL'amico dei poveri :$bDon Orione /$cFranco Berra. 260 $aMilano :$bA.R.A.,$cstampa 1940. 300 $a143 p., [1] c. di tav. :$britr. ;$c20 cm. 500 $aFondo card. Giovanni Colombo. 600 14$aOrione, Luigi .$0(OLS)http://semarc/subject/1661 850 $aSeMil 852 $aSeMil$W1$xVenegono$y1$m3GC II 137$j148314$B148314$CSeMilBibl$Z2$F159733 $8B 941 1 $a3 961 $aLascito: Colombo Card. Giovanni 996 $6245$aL'amico dei poveri :$bDon Orione$9(OLS)http://semarc/title/276936 996 $6260$aMilano :$bA.R.A.$9(OLS)http://semarc/publisher/41353